banner koha

Principais problemas da bananicultura brasileira e esforcos da pesquisa para sua solucao (Registro n. 323349)

MARC details
000 -LÍDER
campo de controle de tamanho fixo 00998naa a22002657a 4500
001 - NÚMERO DE CONTROLE
campo de controle BR9301951
003 - IDENTIFICADOR DO NÚMERO DE CONTROLE
campo de controle BR-BrBNA
005 - DATA E HORÁRIO DA ÚLTIMA TRANSAÇÃO
campo de controle 20240918181040.0
007 - CAMPO FIXO DE DESCRIÇÃO FÍSICA--INFORMAÇÃO GERAL
campo de controle de tamanho fixo ta
008 - CAMPO DE DADOS FIXOS--INFORMAÇÃO GERAL
campo de controle de tamanho fixo 230509b bl.||||| |||| 00| 0 por d
040 ## - FONTE DA CATALOGAÇÃO
Instituição da catalogação original BR-BrBNA
Idioma da catalogação por
Instituição que transcreveu o registro Biblioteca Nacional de Agricultura
041 ## - CÓDIGO DE IDIOMA
Código do idioma do texto/trilha sonora ou título diferente (Pt)
072 ## - CÓDIGO DE CATEGORIA DE ASSUNTO
Código de Categoria de Assunto A50
Código do objeto 1112
090 ## - NÚMERO DE CHAMADA LOCAL
Número de chamada A50 BR9301951
100 1# - ENTRADA PRINCIPAL--NOME PESSOAL
Nome pessoal Alves, E.J.
111 1# - ENTRADA PRINCIPAL--NOME DO EVENTO
Nome do evento ou lugar 1. Simposio Brasileiro sobre Bananicultura
Local do evento Jaboticabal, SP (Brazil)
Data do evento ou assinatura do tratado 3-7 Dec 1984
245 1# - TÍTULO
Título Principais problemas da bananicultura brasileira e esforcos da pesquisa para sua solucao
260 3# - PUBLICAÇÃO, DISTRIBUIÇÃO, ETC.
Local de publicação, distribuição, etc. Jaboticabal, SP (Brasil):
Data da publicação, distribuição, etc. 1984.
500 ## - NOTA GERAL
Nota geral Anais do 1. Simposio Brasileiro sobre Bananicultura<br/>Jaboticabal, SP (Brasil): 1984. p. 3-18<br/>(BR9301951-AM)A50<br/>
650 ## - ASSUNTO--TERMO TÓPICO
Cabeçalho tópico ou nome geográfico Banana
650 ## - ASSUNTO--TERMO TÓPICO
Cabeçalho tópico ou nome geográfico Pesquisa Agricola
773 0# - ENTRADA ANALÍTICA
Título Anais do 1. Simposio Brasileiro sobre Bananicultura
Número de controle do registro A50 BR9301951
Partes relacionadas Jaboticabal, SP (Brasil), 1984. p. 3-18
909 ## -
-- 202404
-- Lucia
-- 55
-- Lucia Elande
942 ## - ELEMENTOS DE ENTRADA ADICIONADOS (KOHA)
Tipo de material Koha Capítulo-Livro
Fonte da classificação ou esquema de arquivamento na estante Classificação AGRIS
Exemplares
Situação do descarte Fonte da classificação ou esquema de arquivamento na estante Situação física Não pode ser emprestado Coleção Biblioteca de origem Biblioteca atual Localização na estante Total de empréstimos Número de telefone completo Data de último acesso Número do exemplar Tipo de material Koha Situação das perdas Data de aquisição Fonte de aquisição
  Classificação AGRIS       Biblioteca Nacional de Agricultura - Binagri Biblioteca Nacional de Agricultura - Binagri Agrobase - Acervo Geral   A01 BR2015001869 20/05/2024 01 Capítulo-Livro   2024-04-11 Portaria Interministerial nº 164/94

BINAGRI

Telefone: (61)3218-2567/2388/3357/2097 - binagri@agro.gov.br

Ministério da Agricultura e Pecuária , Esplanada dos Ministérios, Bloco D, Anexo B, Brasília/DF, CEP: 70.043-900